Toutes les gares ferroviaires de la Nièvre - Statistiques

Statistiques générales
  • Ce quiz a été pris 16 fois
  • Le résultat moyen est 10 sur 25
Statistiques - réponses
Fréquentation annuelle Nom de la gare % Correct
1 158 666 Nevers
100%
100 153 Decize
80%
247 547 Cosne-sur-Loire
67%
42 824 Clamecy
60%
62 795 Imphy
60%
193 984 La Charité
60%
27 813 Cercy-la-Tour
47%
32 637 Luzy
40%
17 547 Pouilly-sur-Loire
40%
4 175 Saincaize
40%
15 926 Saint-Pierre-le-Moûtier
40%
27 591 Fourchambault
33%
71 640 Nevers-le-Banlay
33%
919 Nevers-les-Perrières
33%
19 650 Pougues-les-Eaux
33%
20 703 Tracy - Sancerre
33%
854 Vauzelles
33%
1 670 Béard
27%
9 165 Corbigny
27%
27 Garchizy
27%
2 742 Mesves - Bulcy
27%
2 821 Tronsanges
27%
7 223 Chantenay-Saint-Imbert
20%
1 164 La Marche
13%
2 723 Flez-Cuzy - Tannay
7%
Aucun quiz correspondant
Distribution des résultats
% des personnes avec chaque résultat
Percentile par nombre de réponses
Votre historique - résultats
Vous n’avez pas pris ce quiz